[Event "London Classic Open 2018"]
[Site "London ENG"]
[Date "2018.12.15"]
[Round "7.3"]
[White "Moussard, Jules"]
[Black "Arkell, Keith C"]
[Result "1-0"]
[WhiteTitle "GM"]
[BlackTitle "GM"]
[WhiteElo "2591"]
[BlackElo "2453"]
[WhiteFideId "642908"]
[BlackFideId "400270"]
[EventDate "2018.12.09"]

1. e4 c6 2. d4 d5 3. e5 c5 4. dxc5 Nc6 5. f4 e6 6. Be3 d4 7. Bf2 g5 8. c3 Bxc5
9. Nf3 dxc3 10. Qxd8+ Kxd8 11. Nxc3 Bxf2+ 12. Kxf2 gxf4 13. Rd1+ Ke7 14. Bd3 Nh6
15. h3 Bd7 16. Be4 Raf8 17. Rhe1 Ng8 18. Na4 Rb8 19. Nc5 Be8 20. a3 h5 21. Nd3
f6 22. Bxc6 bxc6 23. b4 a5 24. bxa5 Ra8 25. Nxf4 Rh6 26. Rb1 fxe5 27. Rb7+ Kf6
28. Rxe5 h4 29. Rxe6+ Kf5 30. Re5+ Kf6 31. a6 Bf7 32. a7 Rh8 33. Rc7 Be8 34. Ke3
Nh6 35. Re6+ Kf5 36. Nd4+ 1-0

[Event "London Classic Open 2018"]
[Site "London ENG"]
[Date "2018.12.15"]
[Round "7.4"]
[White "Gormally, Daniel W"]
[Black "McDonald, Neil"]
[Result "1-0"]
[WhiteTitle "GM"]
[BlackTitle "GM"]
[WhiteElo "2478"]
[BlackElo "2403"]
[WhiteFideId "406465"]
[BlackFideId "400629"]
[EventDate "2018.12.09"]

1. d4 d5 2. c4 e6 3. Nf3 Nf6 4. g3 dxc4 5. Bg2 Bd7 6. Ne5 Bc6 7. Nxc6 Nxc6 8.
O-O Qd7 9. e3 O-O-O 10. Qa4 Nd5 11. Qxc4 f5 12. Nc3 h5 13. Qe2 g5 14. Rd1 g4 15.
e4 fxe4 16. Nxe4 Bd6 17. Bg5 Rdf8 18. Rac1 Kb8 19. Bh4 Rf5 20. Ng5 Rh6 21. Ne4
a6 22. a3 Nce7 23. Re1 Nc6 24. Qd3 Bf8 25. Re2 Nb6 26. Rd2 Nd5 27. Rdc2 Na7 28.
b4 Rh7 29. Re2 Rh8 30. Ng5 Bh6 31. Rxe6 Bxg5 32. Qxf5 Bxc1 33. Bxd5 Nb5 34. Qe5
Rf8 35. Be7 Re8 36. Bc5 Rd8 37. a4 Nc3 38. Re7 Qxd5 39. Qxc7+ Ka8 40. Qb6 1-0

[Event "London Classic Open 2018"]
[Site "London ENG"]
[Date "2018.12.15"]
[Round "7.5"]
[White "Istratescu, Andrei"]
[Black "D'Costa, Lorin A R"]
[Result "1-0"]
[WhiteTitle "GM"]
[BlackTitle "IM"]
[WhiteElo "2564"]
[BlackElo "2390"]
[WhiteFideId "1200372"]
[BlackFideId "409219"]
[EventDate "2018.12.09"]

1. d4 Nf6 2. c4 e6 3. g3 Bb4+ 4. Bd2 c5 5. Bxb4 cxb4 6. Bg2 O-O 7. e4 d6 8. Ne2
e5 9. O-O a5 10. Qd3 b6 11. Rd1 Qc7 12. Nd2 Ba6 13. Rac1 Nc6 14. Nf1 Rad8 15.
Ne3 Qb8 16. Qd2 Ne7 17. b3 Rfe8 18. Qb2 Bb7 19. f3 Bc8 20. Bf1 h5 21. Rc2 Be6
22. Nc1 h4 23. Nd3 Ng6 24. Nd5 Nd7 25. N5xb4 axb4 26. d5 b5 27. dxe6 Rxe6 28.
Nxb4 bxc4 29. Rxc4 hxg3 30. hxg3 Nc5 31. Qf2 Ne7 32. Nd5 Nxd5 33. Rxd5 Rh6 34.
b4 Ne6 35. a4 Rf8 36. a5 Qd8 37. a6 Nd4 38. b5 Qa5 39. Kg2 Rb8 40. Rcxd4 exd4
41. Rxd4 Qa1 42. Rb4 Qa5 43. Rb2 d5 44. a7 1-0

[Event "London Classic Open 2018"]
[Site "London ENG"]
[Date "2018.12.15"]
[Round "7.6"]
[White "Lacasa Diaz, Jose Antonio"]
[Black "Melkumyan, Hrant"]
[Result "0-1"]
[WhiteTitle "IM"]
[BlackTitle "GM"]
[WhiteElo "2389"]
[BlackElo "2670"]
[WhiteFideId "2203375"]
[BlackFideId "13302485"]
[EventDate "2018.12.09"]

1. d4 Nf6 2. Bf4 d5 3. e3 Bg4 4. Be2 Bxe2 5. Qxe2 Nbd7 6. Nf3 e6 7. O-O Be7 8.
h3 O-O 9. Nbd2 c5 10. c3 Qb6 11. Rab1 Rac8 12. Ne5 Nxe5 13. Bxe5 Qc6 14. Rfe1
Nd7 15. Bg3 b5 16. dxc5 Nxc5 17. e4 Rfd8 18. exd5 Qxd5 19. Nf3 a6 20. a3 Qd3 21.
Qxd3 Nxd3 22. Red1 Nc5 23. Kf1 Na4 24. Ke2 Bxa3 25. bxa3 Nxc3+ 26. Ke1 Rxd1+ 27.
Rxd1 Nxd1 28. Kxd1 Rc3 0-1

[Event "London Classic Open 2018"]
[Site "London ENG"]
[Date "2018.12.15"]
[Round "7.7"]
[White "Piesik, Piotr"]
[Black "Cornette, Matthieu"]
[Result "1/2-1/2"]
[WhiteTitle "FM"]
[BlackTitle "GM"]
[WhiteElo "2404"]
[BlackElo "2597"]
[WhiteFideId "1136194"]
[BlackFideId "620084"]
[EventDate "2018.12.09"]

1. d4 Nf6 2. Nf3 e6 3. c4 a6 4. Nc3 d5 5. cxd5 exd5 6. Bg5 Be6 7. e3 Nbd7 8. Bd3
Bd6 9. Qc2 c6 10. Bh4 h6 11. Bg3 Bxg3 12. hxg3 Qe7 13. Rb1 O-O 14. Nh4 c5 15.
O-O Rac8 16. Nf5 Bxf5 17. Bxf5 g6 18. Bxd7 Qxd7 19. dxc5 Rxc5 20. Rfd1 Qe6 21.
Qd3 Rfc8 22. Ne2 Qg4 23. f3 Qg5 24. Kf2 h5 25. Rbc1 h4 26. Rxc5 hxg3+ 27. Nxg3
Rxc5 28. Ne2 Rc4 29. Rh1 Rh4 30. Rxh4 Qxh4+ 31. Kf1 Qh1+ 32. Kf2 Qh4+ 1/2-1/2

[Event "London Classic Open 2018"]
[Site "London ENG"]
[Date "2018.12.15"]
[Round "7.8"]
[White "Milliet, Sophie"]
[Black "Hawkins, Jonathan"]
[Result "1/2-1/2"]
[WhiteTitle "IM"]
[BlackTitle "GM"]
[WhiteElo "2376"]
[BlackElo "2583"]
[WhiteFideId "623725"]
[BlackFideId "412686"]
[EventDate "2018.12.09"]

1. e4 c6 2. Nf3 d5 3. exd5 cxd5 4. Ne5 Nf6 5. d4 g6 6. Bb5+ Nbd7 7. O-O Bg7 8.
h3 a6 9. Nxd7 Bxd7 10. Bd3 O-O 11. c3 Bf5 12. Bxf5 gxf5 13. Bf4 Qb6 14. Qb3 Qxb3
15. axb3 Rfc8 16. Re1 e6 17. Nd2 Nh5 18. Be5 Bxe5 19. Rxe5 Nf4 20. Re3 a5 21.
Nf3 Kf8 22. Ne5 Ke7 23. Nd3 Nxd3 24. Rxd3 b5 25. Kf1 Rg8 26. g3 h5 27. Rf3 h4
28. gxh4 Rh8 29. Rf4 f6 30. Ke2 Rh5 31. Rg1 Kf7 32. Rf3 Rxh4 33. Rfg3 Rh7 34. h4
a4 35. h5 f4 36. Rg6 axb3 37. h6 Rah8 38. Rg7+ Rxg7 39. Rxg7+ Kf8 40. Rg6 Kf7
41. Rg7+ Kf8 42. Rg6 Kf7 1/2-1/2

[Event "London Classic Open 2018"]
[Site "London ENG"]
[Date "2018.12.15"]
[Round "7.9"]
[White "Debashis, Das"]
[Black "Mirzoyan, Davit T."]
[Result "1-0"]
[WhiteTitle "GM"]
[BlackTitle "FM"]
[WhiteElo "2544"]
[BlackElo "2382"]
[WhiteFideId "5024854"]
[BlackFideId "13308386"]
[EventDate "2018.12.09"]

1. d4 d5 2. c4 e6 3. Nc3 Be7 4. cxd5 exd5 5. Bf4 c6 6. e3 Bf5 7. g4 Be6 8. h3
Nd7 9. Bd3 h5 10. gxh5 Ngf6 11. h6 g6 12. Qc2 Nh5 13. Nge2 Nf8 14. O-O-O Nxf4
15. Nxf4 Rxh6 16. Kb1 Bd6 17. Nxe6 Nxe6 18. e4 dxe4 19. Bc4 Qe7 20. d5 Nc5 21.
Rhe1 Kf8 22. b4 Nd7 23. Rxe4 Ne5 24. Bb3 Qf6 25. f4 Rxh3 26. fxe5 Bxe5 27. Na4
Kg7 28. dxc6 bxc6 29. Nc5 Rh2 30. Re2 Rah8 31. Nd7 Qf3 32. Rxh2 Bxh2 33. Qb2+ 1-0

[Event "London Classic Open 2018"]
[Site "London ENG"]
[Date "2018.12.15"]
[Round "7.10"]
[White "Megalios, Konstantinos"]
[Black "Janik, Igor"]
[Result "1-0"]
[BlackTitle "IM"]
[WhiteElo "2365"]
[BlackElo "2476"]
[WhiteFideId "4238044"]
[BlackFideId "1159259"]
[EventDate "2018.12.09"]

1. d4 d6 2. e4 Nf6 3. f3 e6 4. Be3 c5 5. dxc5 dxc5 6. Qxd8+ Kxd8 7. Nh3 Nfd7 8.
a4 Nc6 9. Na3 Be7 10. Be2 a6 11. Nc4 b6 12. Kf2 Kc7 13. Rhd1 h6 14. Bf4+ e5 15.
Bg3 f6 16. Kf1 h5 17. Be1 Nf8 18. Nf2 g5 19. Ne3 Ng6 20. Nd5+ Kb7 21. a5 b5 22.
Nxe7 Ngxe7 23. Nd3 c4 24. Nc5+ Kc7 25. Bf2 g4 26. b3 gxf3 27. Bxf3 c3 28. b4
Nxb4 29. Ra3 Nec6 30. Rxc3 Rd8 31. Nd3 Kb7 32. Bb6 Rxd3 33. cxd3 Be6 34. d4 Bc4+
35. Kf2 Na2 36. Re3 Rh8 37. d5 Nb8 38. Be2 Bxe2 39. Kxe2 Nd7 40. Ra3 Nb4 41. Rb1
Nxb6 42. Rxb4 Nc4 43. Rg3 Nxa5 44. Rb1 Nc4 45. Rf1 Rh6 46. Rg7+ Kb8 47. Rf7 Rg6
48. R1xf6 Rxg2+ 49. Kf3 Ra2 50. Rh6 Nd2+ 51. Ke3 Nc4+ 52. Kd3 Nb2+ 53. Kc3 Na4+
54. Kb4 Rc2 55. Ka5 Rc7 56. Rxc7 Kxc7 57. Rxa6 1-0

[Event "London Classic Open 2018"]
[Site "London ENG"]
[Date "2018.12.15"]
[Round "7.11"]
[White "Tomaszewski, Kacper"]
[Black "Akash Pc, Iyer"]
[Result "1/2-1/2"]
[WhiteTitle "FM"]
[BlackTitle "IM"]
[WhiteElo "2259"]
[BlackElo "2441"]
[WhiteFideId "1127373"]
[BlackFideId "5006775"]
[EventDate "2018.12.09"]

1. d4 Nf6 2. c4 e6 3. Nf3 d5 4. Nc3 Nbd7 5. Bf4 c6 6. e3 Qa5 7. Nd2 Bb4 8. Qc2
O-O 9. Rc1 Re8 10. a3 Bf8 11. Be2 Qd8 12. cxd5 exd5 13. O-O Nb6 14. b4 Bg4 15.
Bd3 Bh5 16. Qb1 Bg6 17. Bxg6 hxg6 18. a4 Nh5 19. a5 Nd7 20. Bg3 Nxg3 21. hxg3 a6
22. Na4 Nf6 23. Nf3 Bd6 24. Nc5 Qc7 25. Nd3 Ne4 26. Qb2 g5 27. Nc5 g4 28. Nxe4
Rxe4 29. Ne1 Qe7 30. Nd3 Re6 31. Rfe1 Re8 32. Nc5 Rh6 33. e4 Bxc5 34. dxc5 dxe4
35. Rc4 f5 36. Rd4 Qf7 37. Kf1 Kh7 38. Ke2 Re7 39. Qd2 Rh2 40. Rg1 Qe6 41. Ke3
Qe5 42. Rd8 Rf7 43. Ke2 Qe6 44. Rd4 Re7 45. Ke3 Qh6+ 46. Ke2 Qxd2+ 47. Kxd2 Kg6
48. Ke3 Kf6 49. Rd6+ Kg5 50. Rd8 Kf6 51. Rd6+ Kf7 52. Rd8 g5 53. Rd6 Kg7 54. Rd8
Kf6 55. Rd6+ Ke5 56. Ke2 f4 57. Rd8 f3+ 58. Ke3 fxg2 59. Rg8 Kf6 60. Rf8+ Kg7
61. Rd8 Kf7 62. Rd4 Kf6 63. Rd8 Kg6 64. Rg8+ Kf6 65. Rd8 Ke5 66. Rg8 Rf7 67.
Rxg5+ Rf5 68. Rxg4 Rf3+ 69. Ke2 Rb3 70. Rh4 Rxh4 71. gxh4 Kd4 72. Rxg2 Rxb4 73.
Rh2 Rb2+ 74. Kf1 Kxc5 75. h5 Rd2 76. h6 Rd8 77. h7 Rh8 78. Ke2 Kd4 79. Rh4 Ke5
80. Ke3 Kf5 81. Kd4 Kg5 82. Rh3 Kf4 83. Rh4+ Kg5 84. Rh1 Kf4 85. Rh3 Kf5 86. Ke3
Kg6 87. Kxe4 Rxh7 88. Rxh7 Kxh7 89. Kd4 Kg6 90. Kc5 Kf5 91. Kb6 Ke6 92. Kxb7 c5
93. Kxa6 c4 94. Kb7 1/2-1/2

[Event "London Classic Open 2018"]
[Site "London ENG"]
[Date "2018.12.15"]
[Round "7.12"]
[White "Hebden, Mark L"]
[Black "Gschnitzer, Adrian"]
[Result "1-0"]
[WhiteTitle "GM"]
[BlackTitle "FM"]
[WhiteElo "2425"]
[BlackElo "2374"]
[WhiteFideId "400084"]
[BlackFideId "1270337"]
[EventDate "2018.12.09"]

1. d4 Nf6 2. Nf3 c5 3. d5 b5 4. Bg5 d6 5. Bxf6 exf6 6. e4 a6 7. a4 b4 8. Bd3 g6
9. O-O Bg7 10. c3 O-O 11. Qc2 a5 12. Nbd2 Nd7 13. Nc4 Ne5 14. Nfd2 Nxd3 15. Qxd3
f5 16. cxb4 axb4 17. Qg3 Ra6 18. Rfe1 Bb7 19. Rad1 Re8 20. b3 Bc3 21. Qd3 Qa8
22. Re2 Re7 23. h4 Bd4 24. Rde1 fxe4 25. Nxe4 Bxd5 26. Nexd6 Rxe2 27. Rxe2 Be6
28. Nb5 Qd8 29. Nxd4 Qxd4 30. Qxd4 cxd4 31. Nd2 f5 32. Re1 Rc6 33. a5 Kf7 34.
Nf3 Bxb3 35. Ne5+ Kf6 36. Nxc6 d3 37. Nxb4 d2 38. Ra1 d1=Q+ 39. Rxd1 Bxd1 40. a6 1-0

[Event "London Classic Open 2018"]
[Site "London ENG"]
[Date "2018.12.15"]
[Round "7.13"]
[White "Hillarp Persson, Tiger"]
[Black "Mihajlov, Sebastian"]
[Result "1-0"]
[WhiteTitle "GM"]
[BlackTitle "IM"]
[WhiteElo "2546"]
[BlackElo "2358"]
[WhiteFideId "1700812"]
[BlackFideId "1512110"]
[EventDate "2018.12.09"]

1. Nf3 Nf6 2. c4 c6 3. g3 g6 4. b3 Bg7 5. Bb2 O-O 6. Bg2 d5 7. O-O Bg4 8. d3
Bxf3 9. Bxf3 Nbd7 10. e3 e6 11. Bg2 a5 12. Nc3 Re8 13. Qe2 Qe7 14. Rfd1 h5 15.
Rac1 dxc4 16. bxc4 e5 17. Rb1 Rab8 18. Qc2 Qe6 19. Ba3 b6 20. Qa4 Rbc8 21. h3 h4
22. g4 Bf8 23. Bxf8 Kxf8 24. c5 bxc5 25. Rb7 Kg7 26. g5 Nh7 27. Qxh4 Rb8 28.
Rdb1 Rxb7 29. Rxb7 Ndf8 30. Ne4 Rd8 31. a4 Rxd3 32. Qh6+ Kg8 33. Rb8 Rd8 1-0

[Event "London Classic Open 2018"]
[Site "London ENG"]
[Date "2018.12.15"]
[Round "7.14"]
[White "Signorelli, Gaetano"]
[Black "Bogner, Sebastian"]
[Result "0-1"]
[BlackTitle "GM"]
[WhiteElo "2222"]
[BlackElo "2610"]
[WhiteFideId "863416"]
[BlackFideId "4692055"]
[EventDate "2018.12.09"]

1. e4 c5 2. Nf3 d6 3. d4 cxd4 4. Nxd4 Nf6 5. Nc3 a6 6. Qf3 Qb6 7. Nb3 Qc7 8. Be3
Nc6 9. Bd3 e6 10. h3 b5 11. a3 Bb7 12. O-O Be7 13. Qg3 O-O 14. f4 Nd7 15. Nd4
Bf6 16. Nf3 b4 17. axb4 Nxb4 18. Kh1 Rfe8 19. Ra4 a5 20. Rfa1 Bc6 21. R4a3 Reb8
22. Qf2 e5 23. f5 d5 24. Nxd5 Nxd5 25. exd5 Bxd5 26. Ra4 Rxb2 27. Nd2 Be7 28.
Nc4 Rb4 29. Rxa5 Rxa5 30. Nxa5 Nc5 31. Qd2 Ne4 32. Bxe4 Bxe4 33. f6 gxf6 34. c3
Rb5 35. c4 Bb4 36. Qf2 Rxa5 37. Rxa5 Qxa5 38. Bh6 Qd8 0-1

[Event "London Classic Open 2018"]
[Site "London ENG"]
[Date "2018.12.15"]
[Round "7.15"]
[White "Stoyanov, Viktor"]
[Black "Turner, Matthew J"]
[Result "1/2-1/2"]
[BlackTitle "GM"]
[WhiteElo "2205"]
[BlackElo "2533"]
[WhiteFideId "450308"]
[BlackFideId "402893"]
[EventDate "2018.12.09"]

1. e4 e5 2. Nf3 Nc6 3. Bc4 Bc5 4. O-O Nf6 5. d3 d6 6. c3 Bb6 7. a4 h6 8. Re1 O-O
9. h3 a6 10. Nbd2 Ne7 11. Nf1 Ng6 12. Ng3 c6 13. Bb3 d5 14. Be3 Bc7 15. Bc2 Re8
16. b4 Be6 17. Bb3 Qd7 18. Kh2 Rad8 19. Qc2 Nf4 20. Ng1 Nh7 21. Rad1 Ng5 22. f3
Bxh3 23. gxh3 Nxf3+ 24. Kh1 Nxe1 25. Rxe1 g6 26. Rf1 dxe4 27. dxe4 Qd3 28. Qc1
a5 29. b5 Qd7 30. b6 Bd6 31. Qd1 Bb8 32. Qf3 Qe7 33. N3e2 Rd7 34. Qg3 Kg7 35.
Qf3 Qh4 36. Kh2 Ree7 37. Bc4 f5 38. Bf2 Qf6 39. Kh1 Kh7 40. Ng3 Rd2 41. Be1 Rb2
42. Qd1 Rg7 43. Bf2 fxe4 44. Qc1 Rxf2 45. Rxf2 Qh4 46. Qe3 Nd5 47. Bxd5 cxd5 48.
Nf1 Bd6 49. Qg3 Qd8 50. Rd2 Qxb6 51. Ne3 d4 52. Nc4 Qc6 53. Nxd6 e3+ 54. Rg2
Qxd6 55. cxd4 Qxd4 56. Nf3 Qxa4 57. Nxe5 Qe4 58. Ng4 Rf7 59. Qxe3 Qxe3 60. Nxe3
b5 61. Rb2 Rf3 62. Nd5 Rxh3+ 63. Kg2 Rd3 64. Rxb5 a4 65. Rb7+ Kg8 66. Nf6+ Kf8
67. Ra7 a3 68. Nd7+ Ke8 69. Ne5 Rc3 70. Nxg6 Kd8 71. Nf4 Kc8 72. Nd5 Kb8 73.
Nxc3 Kxa7 74. Nb5+ Kb6 75. Nxa3 1/2-1/2

[Event "London Classic Open 2018"]
[Site "London ENG"]
[Date "2018.12.15"]
[Round "7.16"]
[White "Hector, Jonny"]
[Black "Merriman, John"]
[Result "1-0"]
[WhiteTitle "GM"]
[WhiteElo "2501"]
[BlackElo "2261"]
[WhiteFideId "1700090"]
[BlackFideId "402362"]
[EventDate "2018.12.09"]

1. e4 e6 2. d4 d5 3. e5 c5 4. c3 Nc6 5. Nf3 Qb6 6. Be2 Nh6 7. Bxh6 gxh6 8. Qd2
Bg7 9. O-O Bd7 10. Na3 cxd4 11. cxd4 O-O 12. Nc2 f6 13. exf6 Rxf6 14. b4 Be8 15.
b5 Ne7 16. Ne5 h5 17. a4 Bh6 18. Qd1 Ng6 19. Bxh5 Nxe5 20. dxe5 Rf5 21. Bxe8
Rxe8 22. Ra3 Rxe5 23. Rh3 Bg7 24. Qd3 Re4 25. Kh1 h6 26. Qg3 e5 27. Qb3 Qe6 28.
Nb4 d4 29. Qc2 Rf4 30. Nd3 Rf7 31. Rh4 e4 32. Nf4 Qd6 33. g3 Rc7 34. Qb3+ Kh7
35. Rg4 d3 36. Rd1 Qe5 37. b6 axb6 38. Qxb6 Rc2 39. Qg6+ Kh8 40. Qf7 Kh7 41.
Rxg7+ 1-0

[Event "London Classic Open 2018"]
[Site "London ENG"]
[Date "2018.12.15"]
[Round "7.17"]
[White "Flear, Glenn C"]
[Black "Wu, Li"]
[Result "1-0"]
[WhiteTitle "GM"]
[WhiteElo "2451"]
[BlackElo "2317"]
[WhiteFideId "400165"]
[BlackFideId "411086"]
[EventDate "2018.12.09"]

1. d4 Nf6 2. c4 c5 3. d5 e5 4. Nc3 d6 5. e4 Be7 6. g3 Nbd7 7. Bg2 O-O 8. Nge2 a6
9. a4 Ne8 10. O-O g6 11. Bh6 Ng7 12. Qd2 Nf6 13. h3 Kh8 14. Kh2 Ng8 15. Be3 h5
16. f4 h4 17. g4 Nf6 18. fxe5 Nd7 19. exd6 Bxd6+ 20. Kh1 Ne5 21. b3 f6 22. g5 f5
23. Qe1 Nh5 24. Qxh4 Kg7 25. exf5 Bxf5 26. Ne4 Bxe4 27. Bxe4 Rh8 28. Bg2 Qd7 29.
Bd2 Kg8 30. Kg1 Re8 31. Bc3 Ng7 32. Qe4 Ng4 33. Qxg4 Qxg4 34. hxg4 Rxe2 35. Rf2
Re3 36. Rf3 Re2 37. Re1 Rc2 38. Be5 1-0

[Event "London Classic Open 2018"]
[Site "London ENG"]
[Date "2018.12.15"]
[Round "7.18"]
[White "Elsness, Frode"]
[Black "Ghukasyan, Siranush"]
[Result "1-0"]
[WhiteTitle "IM"]
[BlackTitle "WIM"]
[WhiteElo "2447"]
[BlackElo "2245"]
[WhiteFideId "1501100"]
[BlackFideId "13300946"]
[EventDate "2018.12.09"]

1. c4 c6 2. Nf3 d5 3. g3 Bg4 4. Bg2 e6 5. O-O Bd6 6. cxd5 exd5 7. d3 Ne7 8. e4
O-O 9. Qc2 f6 10. Nc3 Be6 11. Nd4 Bf7 12. Bh3 Re8 13. Ne6 Qa5 14. Bd2 Qa6 15. b4
Ng6 16. exd5 Ne5 17. Ne4 cxd5 18. b5 Qb6 19. Nxd6 Qxd6 20. Nc7 Nf3+ 21. Kh1 Nd7
22. Nxa8 Rxa8 23. Bf4 Nde5 24. Bg2 Bh5 25. Qd1 Qf8 26. d4 1-0

[Event "London Classic Open 2018"]
[Site "London ENG"]
[Date "2018.12.15"]
[Round "7.19"]
[White "Britton, Richard L"]
[Black "Pert, Richard G"]
[Result "0-1"]
[WhiteTitle "FM"]
[BlackTitle "IM"]
[WhiteElo "2186"]
[BlackElo "2416"]
[WhiteFideId "401692"]
[BlackFideId "404748"]
[EventDate "2018.12.09"]

1. e4 e6 2. d4 d5 3. Nc3 Nf6 4. e5 Nfd7 5. f4 c5 6. Nf3 Nc6 7. Be3 Be7 8. Qd2 a6
9. dxc5 Nxc5 10. Qf2 Qa5 11. Bd3 Nb4 12. Rd1 Na4 13. O-O Nxb2 14. Rd2 Qc7 15.
Bd4 Nc4 16. Rdd1 Nc6 17. Bxc4 Nxd4 18. Rxd4 dxc4 19. Ne4 O-O 20. Rfd1 f5 21. Nd6
b5 22. Qg3 Ra7 23. Kh1 Bb7 24. Ng5 Bxg5 25. Nxb5 axb5 26. Rd7 Qc8 27. Kg1 Qc5+
28. Kf1 Bh6 29. R1d6 Bd5 30. Rd8 Rf7 0-1

[Event "London Classic Open 2018"]
[Site "London ENG"]
[Date "2018.12.15"]
[Round "7.20"]
[White "Coote, Trevor D"]
[Black "Wells, Peter K"]
[Result "0-1"]
[BlackTitle "GM"]
[WhiteElo "2057"]
[BlackElo "2412"]
[WhiteFideId "410039"]
[BlackFideId "400327"]
[EventDate "2018.12.09"]

1. Nf3 d5 2. e3 Nf6 3. b3 Bg4 4. h3 Bxf3 5. Qxf3 e5 6. Bb2 Bd6 7. d3 Qe7 8. a3
Nbd7 9. Nd2 c6 10. c4 O-O 11. e4 b5 12. Be2 bxc4 13. dxc4 d4 14. b4 Rab8 15. O-O
a5 16. b5 a4 17. Rab1 Nc5 18. g4 Bc7 19. g5 Ne8 20. Qg4 Nd6 21. f4 Ndxe4 22. Nf3
f5 23. Qg2 cxb5 24. cxb5 d3 25. Bxe5 dxe2 26. Qxe2 Rfc8 27. Rfc1 Ne6 28. Bxc7
Rxc7 29. Rxc7 Qxc7 30. g6 Qxf4 31. gxh7+ Kxh7 32. b6 N6g5 33. Nxg5+ Qxg5+ 34.
Qg2 Qe3+ 35. Kh1 Rxb6 36. Rg1 Nf2+ 37. Kh2 Ng4+ 38. hxg4 Rh6+ 0-1

[Event "London Classic Open 2018"]
[Site "London ENG"]
[Date "2018.12.15"]
[Round "7.22"]
[White "Marentini, Marcel"]
[Black "Cherniaev, Alexander"]
[Result "0-1"]
[BlackTitle "GM"]
[WhiteElo "2030"]
[BlackElo "2393"]
[WhiteFideId "1318730"]
[BlackFideId "4117301"]
[EventDate "2018.12.09"]

1. Nf3 d5 2. g3 Nc6 3. c4 e6 4. Bg2 g6 5. O-O Bg7 6. d3 Nge7 7. Na3 O-O 8. Rb1
a5 9. Nc2 h6 10. e3 dxc4 11. dxc4 e5 12. Qe2 f5 13. b3 g5 14. Ba3 Qe8 15. Nd2 g4
16. f3 h5 17. fxg4 hxg4 18. Rbd1 Ra6 19. h3 gxh3 20. Bxh3 e4 21. Rf2 Ne5 22. Ne1
Rg6 23. Nf1 Rg5 24. Bb2 N7c6 25. Ng2 Nd3 26. Rxd3 exd3 27. Qxd3 Bxb2 28. Rxb2
Qe5 29. Qd5+ Be6 30. Qxe5 Nxe5 31. Nf4 Bf7 32. Bg2 c6 33. Rd2 Re8 34. Rd6 Kf8
35. c5 a4 36. Rd4 axb3 37. axb3 Ra8 38. Rb4 Ra7 39. Kf2 Ke7 40. Ke1 Rg8 41. Kd2
Nd7 42. Bh3 Nxc5 43. Bxf5 Nxb3+ 44. Kc3 Nc5 45. g4 b5 46. Ng3 Ra3+ 47. Kd2 Ra2+
48. Kc3 Na4+ 49. Kd3 c5 50. Re4+ Kd6 51. Be6 c4+ 52. Kd4 0-1

[Event "London Classic Open 2018"]
[Site "London ENG"]
[Date "2018.12.15"]
[Round "7.23"]
[White "Lewtak, Damian"]
[Black "Haribalu, V."]
[Result "1/2-1/2"]
[WhiteElo "2393"]
[BlackElo "2208"]
[WhiteFideId "1141724"]
[BlackFideId "5015189"]
[EventDate "2018.12.09"]

1. d4 d5 2. Bf4 Nf6 3. e3 c5 4. c3 Nc6 5. Nd2 e6 6. Ngf3 Bd6 7. Bg3 Qe7 8. Ne5
Nd7 9. Bb5 Bxe5 10. dxe5 a6 11. Qa4 Rb8 12. Bxc6 bxc6 13. Qxc6 O-O 14. Rb1 Rb5
15. c4 Bb7 16. Qd6 Qxd6 17. exd6 dxc4 18. O-O Rb8 19. Nxc4 Bd5 20. Ne5 Nxe5 21.
Bxe5 f6 22. Bc3 Rd8 23. a4 Rb7 24. Rfd1 Bb3 25. Rd2 1/2-1/2

[Event "London Classic Open 2018"]
[Site "London ENG"]
[Date "2018.12.15"]
[Round "7.25"]
[White "Lane, Gary W"]
[Black "McClement, Andrew"]
[Result "1-0"]
[WhiteTitle "IM"]
[WhiteElo "2353"]
[BlackElo "2182"]
[WhiteFideId "3203301"]
[BlackFideId "2400480"]
[EventDate "2018.12.09"]

1. e4 c5 2. Nf3 d6 3. d4 cxd4 4. Qxd4 Nc6 5. Bb5 Bd7 6. Qd3 Nf6 7. c4 g6 8. Nc3
Bg7 9. O-O O-O 10. h3 a6 11. Bxc6 Bxc6 12. Nd4 Rb8 13. Be3 Qa5 14. Rab1 Rfc8 15.
b4 Qc7 16. Rfc1 Be8 17. Nd5 Nxd5 18. exd5 Qd7 19. Qe4 Rc7 20. b5 Rbc8 21. bxa6
bxa6 22. Nc6 e5 23. f4 f5 24. Qc2 Qf7 25. fxe5 dxe5 26. Bb6 Rxc6 27. dxc6 Bxc6
28. Qd2 Be4 29. Rb3 Rxc4 30. Rxc4 Qxc4 31. Rc3 Qd5 32. Rc8+ Kf7 33. Rc7+ Kg8 34.
Qg5 Qd6 35. Rc8+ Kf7 36. Bc5 Qd7 37. Rd8 Qc7 38. Bd6 Qb7 39. Rb8 Qd7 40. Rb6 Bc6
41. Qc1 Bb5 42. Qc5 h5 43. Bxe5 h4 44. Bxg7 Kxg7 45. Qe5+ Kh6 46. Qf6 Qd1+ 47.
Kh2 Qh5 48. Rb8 Qg5 49. Rh8# 1-0

[Event "London Classic Open 2018"]
[Site "London ENG"]
[Date "2018.12.15"]
[Round "7.26"]
[White "Taylor, Adam C"]
[Black "Burrows, Martin P"]
[Result "1-0"]
[WhiteTitle "FM"]
[WhiteElo "2331"]
[BlackElo "2134"]
[WhiteFideId "424668"]
[BlackFideId "409057"]
[EventDate "2018.12.09"]

1. g3 e5 2. c4 Nc6 3. Nc3 f5 4. Nf3 Nf6 5. d4 e4 6. Nh4 d5 7. Bg5 Be7 8. Ng2
dxc4 9. e3 Be6 10. Nf4 Bf7 11. Qa4 O-O 12. Bxc4 Qc8 13. Rc1 h6 14. Bxf6 Bxf6 15.
Ncd5 Bd8 16. Ng6 Re8 17. Ndf4 Qd7 18. Bxf7+ Qxf7 19. Rxc6 bxc6 20. Ne5 Qf6 21.
O-O Be7 22. Rc1 Bd6 23. Rxc6 Kh7 24. Qc4 Qf8 25. Qd5 Bxe5 26. dxe5 Rad8 27. Qa5
Qe7 28. e6 Rd1+ 29. Kg2 Qf6 30. Rxc7 Qxb2 31. Qxf5+ Kh8 32. Ng6+ Kg8 33. Qf7+
Kh7 34. Qxe8 Qa1 35. e7 Rg1+ 36. Kh3 Qf1+ 37. Kh4 Rh1 38. Qh8+ Kxg6 39. e8=Q+ 1-0

[Event "London Classic Open 2018"]
[Site "London ENG"]
[Date "2018.12.15"]
[Round "7.27"]
[White "Derakhshani, Borna"]
[Black "Sperling, Lennart"]
[Result "0-1"]
[WhiteTitle "FM"]
[WhiteElo "2325"]
[BlackElo "2116"]
[WhiteFideId "12518450"]
[BlackFideId "12990132"]
[EventDate "2018.12.09"]

1. Nf3 Nf6 2. c4 c6 3. Nc3 d5 4. e3 e6 5. b3 Nbd7 6. Bb2 Bd6 7. d4 Qe7 8. Qc2 b6
9. Bd3 Bb7 10. O-O O-O 11. Rfe1 Rac8 12. a4 Bb4 13. Re2 c5 14. Na2 Ba5 15. Ne5
h6 16. Ba3 Rfd8 17. f4 Ne4 18. Qb2 Bb4 19. Rd1 Bxa3 20. Qxa3 Ndf6 21. a5 Qc7 22.
cxd5 Bxd5 23. Rc1 Qb8 24. Ba6 Bb7 25. Bxb7 Qxb7 26. a6 Qa8 27. Rec2 Nd5 28. dxc5
Rxc5 29. Rxc5 Nxc5 30. b4 Ne4 31. Nc6 Nxf4 32. Nxd8 Ne2+ 33. Kf1 Nxc1 34. Nxc1
Qxd8 35. Nd3 Qd5 36. Ke1 Qc4 37. Ne5 Qc2 38. Qd3 Qf2+ 39. Kd1 Qxg2 40. Qd8+ Kh7
41. Qd4 f6 42. Nd7 e5 43. Nf8+ Kg8 44. Qd8 Qf1+ 45. Kc2 Qc4+ 46. Kd1 Qd3+ 47.
Qxd3 Nf2+ 48. Ke2 Nxd3 49. Nd7 Nxb4 50. Nxb6 Nxa6 51. Nc8 Nc5 52. Nxa7 Kf7 0-1